00486nam a22001937a 4500003000400000005001700004008004100021020001800062040003200080100002100112245003500133260003200168300001100200440003400211650001500245650001100260650001300271650000800284OSt20220610155547.0220610b ||||| |||| 00| 0 spa d a950-581-195-0 cBiblioteca Ernesto Sábato aAbensour, Miguel aLa democracia contra el estado aBuenos AiresbColihuec1997 a135 p. aPuñaladas. Ensayos de punta aDEMOCRACIA aESTADO aMARXISMO aJLS